00658 2200241 4500001002100000005001500021035002000036007000300056008004100059020002200100082001000122084001600132100002200148245006900170250001000239260003500249300003200284650002800316700002000344504003000364990001100394990001100405INLIS00000000000427620191022115611 a0010-1019000128ta191022 g 0 ind  a978-602-1279-18-2 a658.4 a658.4 DAN l0 aDANNY, Wiradharma1 aLeadership Detox /cDanny Wiradharma; Penyunting, Atiatul Mu'min acet.1 aJakarta :bPenebarplus+,c2015 a217 hlm. :bilus. ;c20 cm. 4aMANAJEMEN. KEPEMIMPINAN0 aATIATUL, Mu'min aBibliografi: hlm. 216-217 a6971 a a6971 b